Microbiology: An Introduction 8th ed. (Record no. 17725)

000 -LEADER
fixed length control field 00442nam a22001577a 4500
008 - FIXED-LENGTH DATA ELEMENTS--GENERAL INFORMATION
fixed length control field 230313b2004 xxu||||| |||| 00| 0 eng d
020 ## - INTERNATIONAL STANDARD BOOK NUMBER
ISBN 8129704179
082 ## - DEWEY DECIMAL CLASSIFICATION NUMBER
Classification number 579 Tortora 18127 8th 2004 Microbiology
100 ## - MAIN ENTRY--AUTHOR NAME
Personal name Tortora Gerard J.
245 ## - TITLE STATEMENT
Title Microbiology: An Introduction 8th ed.
250 ## - EDITION STATEMENT
Edition statement 8th ed.
260 ## - PUBLICATION, DISTRIBUTION, ETC. (IMPRINT)
Place of publication Delhi:
Name of publisher Pearson Education;
Year of publication 2004.
300 ## - PHYSICAL DESCRIPTION
Number of Pages 898 p.;
650 ## - SUBJECT ADDED ENTRY--TOPICAL TERM
Topical Term Microbiology
942 ## - ADDED ENTRY ELEMENTS (KOHA)
Koha item type Books
Holdings
Collection code Permanent Location Current Location Shelving location Date acquired Source of acquisition Full call number Accession Number Koha item type
Veterinary Science UVAS Library UVAS Library Microbiology 2023-03-13 Purchased 579 Tortora 18127 8th 2004 Microbiology 18127 Books


Implemented and Maintained by UVAS Library.
For any Suggestions/Query Contact to library or Email:rehana.kousar@uvas.edu.pk Phone:+91 99239068
Website/OPAC best viewed in Mozilla Browser in 1366X768 Resolution.